| 000 | 00857nam a22002297a 4500 | ||
|---|---|---|---|
| 005 | 20110719102143.0 | ||
| 008 | 110719t xxu||||| |||| 00| 0 eng d | ||
| 010 | _aENG-103036 | ||
| 020 |
_a9788184246551 _c900.00 |
||
| 035 | _aEN-86569 | ||
| 037 | _bDBAD/PUB | ||
| 040 |
_aDpl _bEng |
||
| 082 | _a338.456 | ||
| 100 |
_929676 _aSharma, Vijay Paul |
||
| 245 |
_aEconomic policy reforms and Indian fertilizer industry / _cby Vijay Paul Sharma [and] Hrima Thaker |
||
| 260 |
_aNew Delhi _bAllied Publishers _c2011 |
||
| 270 |
_a1/13-14 Asaf Ali Road _bNew Delhi _e110002 |
||
| 300 |
_axxvi,326p. : _c24cm (Hb) _bill. |
||
| 700 |
_929668 _aThaker, Hrima |
||
| 942 |
_2ddc _cEN _mSHA _h338.456 |
||
| 999 |
_c53983 _d53983 |
||